| 000 | 01747nam a2200253Ia 4500 | ||
|---|---|---|---|
| 001 | 23828 | ||
| 003 | GE_BSU | ||
| 008 | 181216s||||||||xx |||||||||||||| ||und|| | ||
| 040 | _cGE_BSU | ||
| 080 | _a930(479.22) | ||
| 100 | _aჯავახიშვილი, ი. | ||
| 245 | _aისტორიის მიზანი, წყაროები და მეთოდები წინათ და ახლა. წ. 1 : ძველი ქართული საისტორიო მწერლობა (V-XVIII სს.). | ||
| 245 | _cრედ. ს. ყაუხჩიშვილი | ||
| 250 | _aმე-2-3 შევსებული გამოცემა. | ||
| 260 | _aთბილისი | ||
| 260 | _bსტალინის სახ. თბილ. სახელმწ. უნ-ტის გამ-ბა | ||
| 260 | _c1945 | ||
| 300 | _a448 გვ. 22 სმ. | ||
| 300 | _eბიბლიოგრ. ტექსტ. შენიშვნ.. ქარაგმიანი და შემოკლებული სიტყვების განმარტება: გვ. 9-10. დამატება-ახლად აღმოჩენილი ქართლის ცხოვრება: გვ. 380-404. - საკუთარ სახ. საძ.: გვ. 405-426. | ||
| 541 | _h12ლ. | ||
| 653 | _aისტორიის მიზანი, წყაროები და მეთოდები წინათ და ახლა. წ. 1 : ძველი ქართული საისტორიო მწერლობა (V-XVIII სს.). | ||
| 653 | _aძველი ქართული საისტორიო მწერლობა | ||
| 942 | _cBK | ||
| 999 |
_c56706 _d56706 |
||